01013nam a2200265 a 450000100100000000500170001000800410002704000250006804100380009308200150013110000310014624000490017724500830022626000360030930000480034549000180039353400570041150400400046850000400050870000300054883000240057804900090060295201190061199900170073000002557320200930023903.0110217s1978 ag abc r 000 0 spa d aDO-SdBNPbspacBNPHU17aspaheng2Código de idioma MARC aNNNbH477n1 aHellman, Hal,d1927-9447210aFeeding the world of the future.lEspañol.10aNueva era de la alimentación /cHal Hellman ; traducción de Daniel Landes. aBuenos Aires :bMarymar,c1978. a195, [4] p. :bil., retrs., mapas ;c23 cm.1 aNueva ciencia aTítulo original:tFeeding the world of the future. aIncluye bibliografía (p. 189-195) aIncluye dato del autor en la solapa1 aLandes, Danieletr.94474 0aNueva ciencia94475 aBNGR 001054708MOaGRbGRcCTd2011-02-17iLF1l0oNNN H477np25573-10r2020-06-25w2020-06-25y4ZPréstamo en sala c25065d25065